00382nam a2200157Ia 450000500170000000800410001704000190005804100120007708200160008910000210010524500380012626000300016430000100019465000100020485000100021420240827095307.0131103s9999 xx 000 0 und d aLoreto College aEnglish a891.43bJAY aJayswal, Sitaram aShiksha ShashtracSitaram Jayswal aBenarasbNandakiranc1646 a767p  aHindi aLCBED